| 000 | 00495nam a22001697a 4500 | ||
|---|---|---|---|
| 003 | NUST | ||
| 005 | 20260408143319.0 | ||
| 008 | 260408b ||||| |||| 00| 0 eng d | ||
| 082 |
_a519.5 _bFRE |
||
| 100 |
_aDavid Freedman, Robert Pisani, Roger Purves. _9133995 |
||
| 245 |
_aStatistics / _cDavid Freedman, Robert Pisani, Roger Purves. |
||
| 250 | _a3rd Edition | ||
| 260 |
_aLondon: _bW. W. Norton & Company, _c1997. |
||
| 300 |
_a710 p ; _c31.00 cm |
||
| 563 | _aPaperback | ||
| 942 |
_2ddc _cBK |
||
| 999 |
_c616914 _d616914 |
||